000 00510nam a22001937a 4500
003 NUST - PNEC
005 20170116180822.0
008 150623b xxu||||| |||| 00| 0 eng d
020 _a0792397207
040 _cLIBRARY
082 _a621.3950 SAS
100 _94171
_aSasao, Tsutomu
245 _aRepresentations of discrete functions
_cTsutomu Sasao
250 _a-
260 _aLondon
_bKluwer Academic Publishers
_cc1996.
300 _a331 p. :
650 _94172
_aLogic design
_xEE
942 _2ddc
_cBK
999 _c63774
_d63774